| 000 | 00447cam a22001211 4500 | ||
|---|---|---|---|
| 082 |
_a956.7 _bMai |
||
| 100 | 1 |
_aMain, Ernest, _949941 |
|
| 245 | 0 | 0 |
_aIraq from mandate to independence, _cby Ernest Main, with a foreword by Lord Lloyd of Dolobran. |
| 260 |
_aLondon, _bG. Allen & Unwin ltd. _c[c1935] |
||
| 300 |
_a2 p. 1., 3-267 [1] p. _bplates, 2 port. (incl. front.) 2 maps. _c24 cm. |
||
| 526 |
_a0 _b0 _c0 _d956_700000000000000_MAI |
||
| 942 |
_2ddc _cBK |
||
| 999 |
_c552681 _d552681 |
||